01272nam0a22002771 4500001001100000005001700011021001900028035002600047100004100073101000800114102000700122105001800129200017400147205003400321210005300355215003800408300011300446606009200559606012200651701007300773701002700846701006200873801001800935801002200953852001900975rc\447670120250612093742.0 aRUb[63-91913] a(NLR Aleph) 008599624 a20130416d1963 |||y0rusy50 ca0 arus aRU aab g |||||1 aКраткий справочник по трубам и малым мостамfПод общ. ред. д-ра техн. наук проф. Е.В. Болдакова a3-е изд., перераб. aМоскваcАвтотрансиздатd1963 a182 с.cчерт., карт.d22 aПеред загл. авт.: О.В. Андреев, Е.В. Болдаков, К.В. Гайдук и др. aДорожные трубыxПроектированиеjСправочники2psbo aМосты на автомобильных дорогахxПроектированиеjСправочники2psbo 1aБолдаковbЕ.В.gЕвгений Васильевич4340 1aГайдукbК.В. 1aАндреевbО.В.gОлег Владимирович 0aRUbNLRgpsbo 1aRUbELAR2rusmarc aNLRj63-5/5986